000 00775nam a22002537a 4500
999 _c17091
_d17091
003 OSt
005 20181101101300.0
008 181101b ||||| |||| 00| 0 eng d
020 _a9781862390980
020 _a1862390983
040 _aSEKU
050 _aQE 523 .S68
_bD75
100 _aDruitt, T.H.
245 _aThe eruption of Soufriere Hills volcano, Montserrat from 1995 to 1999 /
_cEdited by T. H. Druitt and B. P. Kokelaar.
260 _aLondon :
_bThe Geological Society of London,
_c2002.
300 _a645 p. :
_bill.
504 _aIncludes bibliographic references and index.
650 _aVolcanism
650 _aVolcanoes
650 _aMontserrat--Soufrière Hills Volcano
650 _aMontserrat
700 _aKokelaar, B. P.
942 _2lcc
_cGEN